Loading...
| Current Events | 3 | 16.67 | 100% | 67% | 0% |
| Fine Arts - Auditory Fine Arts | 9 | 17.78 | 100% | 56% | 22% |
| Fine Arts - Visual Fine Arts | 13 | 18.46 | 92% | 69% | 23% |
| Geography | 4 | 15.00 | 100% | 50% | 0% |
| History - American History | 6 | 16.67 | 100% | 67% | 0% |
| History - Ancient History | 3 | 20.00 | 100% | 67% | 33% |
| History - European History | 6 | 21.67 | 100% | 100% | 17% |
| History - World History | 7 | 20.00 | 86% | 100% | 14% |
| Literature - American Literature | 5 | 22.00 | 100% | 80% | 40% |
| Literature - British Literature | 5 | 16.00 | 100% | 60% | 0% |
| Literature - European Literature | 4 | 17.50 | 100% | 50% | 25% |
| Literature - World Literature | 5 | 18.00 | 100% | 80% | 0% |
| Mythology | 2 | 20.00 | 100% | 100% | 0% |
| Other Academic | 3 | 20.00 | 100% | 33% | 67% |
| Philosophy | 1 | 10.00 | 100% | 0% | 0% |
| Religion | 8 | 20.00 | 100% | 75% | 25% |
| Science - Biology | 6 | 15.00 | 100% | 50% | 0% |
| Science - Chemistry | 6 | 13.33 | 100% | 33% | 0% |
| Science - Other Science | 7 | 14.29 | 100% | 43% | 0% |
| Science - Physics | 6 | 16.67 | 100% | 50% | 17% |
| Social Science | 6 | 20.00 | 100% | 83% | 17% |